[Event "EU-chT Seniors 07th"]
[Site "Dresden"]
[Date "2005.02.24"]
[Round "7"]
[White "Wade, Robert Graham"]
[Black "Baumbach, Friedrich"]
[Result "1/2-1/2"]
[WhiteElo "2164"]
[BlackElo "2279"]
[EventDate "2005.02.18"]
[PlyCount "34"]

1.d4 d5 2.Nf3 Nf6 3.c4 e6 4.g3 Be7 5.Bg2 O-O 6.O-O c6 7.Qc2 b6 8.Bf4 Bb7 
9.Nbd2 Nbd7 10.e4 dxe4 11.Nxe4 Nxe4 12.Qxe4 Nf6 13.Qe2 c5 14.Rfd1 cxd4 15.
Nxd4 Qc8 16.Bxb7 Qxb7 17.Qf3 Qxf3 1/2-1/2

[Event "EU-chT Seniors 07th"]
[Site "Dresden"]
[Date "2005.02.24"]
[Round "7"]
[White "Wicklund Hansen, Richard"]
[Black "Mueller, Siegmar"]
[Result "1/2-1/2"]
[WhiteElo "2015"]
[BlackElo "2089"]
[EventDate "2005.02.18"]
[PlyCount "82"]

1.e4 b6 2.d4 e6 3.Nf3 Bb7 4.Bd3 c5 5.c3 Nf6 6.Nbd2 cxd4 7.Nxd4 Nc6 8.N4f3 
Qc7 9.O-O d5 10.exd5 Nxd5 11.Re1 Bd6 12.Nf1 O-O-O 13.Qc2 Ne5 14.Nxe5 Bxe5 
15.a4 Nf6 16.Qe2 Bd6 17.Ba6 Rd7 18.a5 Qc6 19.Bxb7+ Rxb7 20.axb6 Qxb6 21.
Ne3 Bb8 22.Nc4 Qc7 23.g3 Rd8 24.Bf4 Qe7 25.Bxb8 Kxb8 26.Ne5 Rc8 27.Ra6 Qc5
28.Rea1 Qb5 29.c4 Qxb2 30.Qxb2 Rxb2 31.Rxa7 Rb1+ 32.Rxb1+ Kxa7 33.Rd1 Rc7 
34.f3 Kb6 35.Rd8 Kc5 36.Kf2 Ra7 37.g4 h6 38.Rf8 Rc7 39.Rxf7 Rxf7 40.Nxf7 
Kxc4 41.Ke3 Kd5 1/2-1/2

[Event "EU-chT Seniors 07th"]
[Site "Dresden"]
[Date "2005.02.24"]
[Round "7"]
[White "Wilson, Peter JB"]
[Black "Barlocco, Carlo"]
[Result "1/2-1/2"]
[WhiteElo "2123"]
[BlackElo "2156"]
[EventDate "2005.02.18"]
[PlyCount "95"]

1.f4 g6 2.Nf3 Bg7 3.e3 Nf6 4.d4 c5 5.c3 O-O 6.Bd3 d6 7.O-O Nc6 8.dxc5 dxc5
9.Qc2 Qb6 10.Qb3 Na5 11.Qxb6 axb6 12.Na3 Rd8 13.Bc2 Bf5 14.Bxf5 gxf5 15.
Kf2 Ne4+ 16.Ke2 b5 17.Nxb5 Nb3 18.Rb1 Rxa2 19.Rd1 Rxd1 20.Kxd1 Ra5 21.Na3 
Rxa3 22.bxa3 Nxc3+ 23.Kc2 Nxb1 24.Kxb3 Nc3 25.Kc4 b6 26.Ne5 Bxe5 27.fxe5 
Ne2 28.Bd2 f4 29.Kb5 fxe3 30.Bxe3 Nc3+ 31.Kc6 e6 32.Bh6 Nd5 33.Kb5 f6 34.
exf6 Kf7 35.Bg5 Nxf6 36.Kxb6 c4 37.a4 Nd5+ 38.Kc6 Kg6 39.Bc1 Kf5 40.a5 c3 
41.Kc5 Nc7 42.Kc4 c2 43.Kc3 Ke4 44.Kxc2 Kd4 45.Kb3 e5 46.Kb4 e4 47.Bb2+ 
Kd3 48.Bc1 1/2-1/2

[Event "EU-chT Seniors 07th"]
[Site "Dresden"]
[Date "2005.02.24"]
[Round "7"]
[White "Winiwarter, Felix"]
[Black "Eis, Helko"]
[Result "1/2-1/2"]
[WhiteElo "2204"]
[BlackElo "2121"]
[EventDate "2005.02.18"]
[PlyCount "48"]

1.Nf3 d6 2.d4 Nf6 3.c4 c6 4.Nc3 Bg4 5.e3 e6 6.Be2 Be7 7.O-O O-O 8.e4 Bxf3 
9.Bxf3 e5 10.Be3 Nbd7 11.Qd2 Qc7 12.Be2 Rfe8 13.f4 Bf8 14.Bf3 a6 15.a4 
Red8 16.a5 exd4 17.Bxd4 Nc5 18.Qc2 Nfd7 19.Ne2 Ne6 20.Be3 g6 21.Bg4 Nec5 
22.Ng3 Bg7 23.Rab1 h5 24.Bxd7 Nxd7 1/2-1/2

[Event "EU-chT Seniors 07th"]
[Site "Dresden"]
[Date "2005.02.24"]
[Round "7"]
[White "Zunker, Reinhard"]
[Black "Vager, Boris"]
[Result "1/2-1/2"]
[WhiteElo "2233"]
[BlackElo "2248"]
[EventDate "2005.02.18"]
[PlyCount "34"]

1.e4 c5 2.Nf3 e6 3.d4 cxd4 4.Nxd4 Nf6 5.Nc3 Nc6 6.Ndb5 Bb4 7.a3 Bxc3+ 8.
Nxc3 d5 9.exd5 Nxd5 10.Nxd5 exd5 11.Bd3 Ne5 12.Be2 O-O 13.O-O Re8 14.Be3 
Bf5 15.Bb5 Re6 16.c3 a6 17.Be2 Nc4 1/2-1/2

[Event "EU-chT Seniors 07th"]
[Site "Dresden"]
[Date "2005.02.25"]
[Round "8"]
[White "Anguera Maestro, Jaime"]
[Black "Staller, Peter"]
[Result "1/2-1/2"]
[WhiteElo "2159"]
[BlackElo "2279"]
[EventDate "2005.02.18"]
[PlyCount "66"]

1.d4 Nf6 2.c4 g6 3.Nf3 Bg7 4.g3 O-O 5.Bg2 d6 6.O-O Nbd7 7.b3 e5 8.e3 Re8 
9.Bb2 Qe7 10.Nc3 c6 11.Re1 a6 12.a4 a5 13.Ba3 Bf8 14.Qc2 Qd8 15.Rad1 Qc7 
16.Nd2 Rb8 17.f4 Be7 18.Qc1 exd4 19.exd4 Nf8 20.Nf3 Bg4 21.h3 Bxf3 22.Bxf3
Rbd8 23.Kg2 Qb6 24.Qc2 Ne6 25.Ne2 d5 26.c5 Qc7 27.Bc1 b6 28.f5 Ng7 29.Bf4 
Qa7 30.g4 bxc5 31.g5 Nxf5 32.gxf6 Bxf6 33.dxc5 Bh4 1/2-1/2

[Event "EU-chT Seniors 07th"]
[Site "Dresden"]
[Date "2005.02.25"]
[Round "8"]
[White "Appelt, Gerd"]
[Black "Braun, Gottfried"]
[Result "0-1"]
[WhiteElo "2196"]
[BlackElo "2331"]
[EventDate "2005.02.18"]
[PlyCount "120"]

1.d4 d6 2.e4 Nf6 3.Nc3 e5 4.Nf3 exd4 5.Nxd4 Be7 6.Bf4 O-O 7.Qd2 Nc6 8.Be2 
Nxd4 9.Qxd4 Be6 10.O-O Nd7 11.Rad1 Bf6 12.Qd2 a6 13.b3 Re8 14.f3 Be5 15.
Bxe5 dxe5 16.Nd5 c6 17.Ne3 Qb6 18.Kh1 Rad8 19.Bc4 Nf8 20.Qe2 Qc5 21.Rd3 b5
22.Bxe6 Nxe6 23.Rfd1 Rxd3 24.Qxd3 g6 25.Qe2 Nd4 26.Qd2 h5 27.b4 Qb6 28.Qc3
Rd8 29.Rd3 Ne6 30.g3 Rd4 31.Kg2 Qd8 32.Kf2 Qd6 33.a3 Qd7 34.Qd2 Rxd3 35.
Qxd3 Qxd3 36.cxd3 Nd4 37.f4 f6 38.fxe5 fxe5 39.g4 Kf7 40.gxh5 gxh5 41.Kg3 
Kf6 42.Kh4 Nf3+ 43.Kg3 Ne1 44.Nf5 Ke6 45.d4 Nc2 46.dxe5 Kxe5 47.Kh4 Nxa3 
48.Kxh5 Nc4 49.Ne7 Ke6 50.Nf5 Kd7 51.Kg4 c5 52.bxc5 a5 53.Nd4 b4 54.h4 a4 
55.c6+ Kd6 56.h5 b3 57.h6 Ne3+ 58.Kf3 a3 59.h7 b2 60.Nb5+ Kxc6 0-1

[Event "EU-chT Seniors 07th"]
[Site "Dresden"]
[Date "2005.02.25"]
[Round "8"]
[White "Barlocco, Carlo"]
[Black "Packroff, Hermann"]
[Result "1/2-1/2"]
[WhiteElo "2156"]
[BlackElo "2262"]
[EventDate "2005.02.18"]
[PlyCount "113"]

1.g3 c5 2.Bg2 Nc6 3.e4 g6 4.Ne2 Bg7 5.O-O d6 6.c3 e5 7.d3 Nge7 8.Nd2 O-O 
9.a4 Be6 10.Qc2 h6 11.Rb1 d5 12.exd5 Bxd5 13.Ne4 f5 14.c4 Bxe4 15.dxe4 Qc7
16.f4 Rad8 17.exf5 Nxf5 18.fxe5 Qxe5 19.Bf4 Qe7 20.Rbe1 Rfe8 21.Qb1 Nb4 
22.Nc3 Qf7 23.Nd5 Kh7 24.g4 Rxe1 25.Qxe1 Re8 26.Qd2 Nd4 27.Bxh6 Qe6 28.
Bxg7 Kxg7 29.Nxb4 Ne2+ 30.Kh1 cxb4 31.Qxb4 b6 32.Bf3 Nf4 33.Qc3+ Kh7 34.c5
bxc5 35.Qxc5 Re7 36.b4 Rf7 37.Qc3 Qd6 38.Bg2 g5 39.Qc2+ Kg7 40.b5 Qe6 41.
h3 Qe3 42.Qe4 Qd2 43.Qf3 Rd7 44.h4 Qxg2+ 45.Qxg2 Nxg2 46.Kxg2 Rd4 47.hxg5 
Rxg4+ 48.Kf3 Rxa4 49.Rc1 Kg6 50.Rc5 a6 51.Rc6+ Kxg5 52.Rxa6 Rb4 53.Rb6 Kf5
54.Ke3 Ke5 55.Kd3 Kd5 56.Kc3 Kc5 57.Rh6 1/2-1/2

[Event "EU-chT Seniors 07th"]
[Site "Dresden"]
[Date "2005.02.25"]
[Round "8"]
[White "Baumbach, Friedrich"]
[Black "Hoen, Ragnar Harald"]
[Result "0-1"]
[WhiteElo "2279"]
[BlackElo "2271"]
[EventDate "2005.02.18"]
[PlyCount "76"]

1.d4 d5 2.c4 e6 3.Nc3 Nf6 4.cxd5 exd5 5.Bg5 Be7 6.Qc2 c6 7.e3 O-O 8.Bd3 
Nbd7 9.Nge2 Re8 10.O-O Nf8 11.Rae1 Nh5 12.Bxe7 Qxe7 13.Nc1 Nf6 14.f3 c5 
15.e4 cxd4 16.Nb5 Be6 17.e5 Nh5 18.f4 g6 19.Qe2 Ng7 20.g4 Qd7 21.h3 h5 22.
f5 gxf5 23.gxh5 f4 24.h6 Nf5 25.Qh5 Ng6 26.Bxf5 Bxf5 27.Nd6 Be4 28.Nxe8 
Rxe8 29.Rxf4 Rxe5 30.Qg4 Bf5 31.Rxf5 Rxe1+ 32.Rf1 Qxg4+ 33.hxg4 Re4 34.Rd1
Rxg4+ 35.Kf2 Ne5 36.Nb3 d3 37.Nc5 Kh7 38.b3 b6 0-1

[Event "EU-chT Seniors 07th"]
[Site "Dresden"]
[Date "2005.02.25"]
[Round "8"]
[White "Boehlig, Heinz"]
[Black "Rovenski, Evjenij"]
[Result "1/2-1/2"]
[WhiteElo "2256"]
[BlackElo "2275"]
[EventDate "2005.02.18"]
[PlyCount "97"]

1.Nf3 Nf6 2.c4 c5 3.Nc3 b6 4.g3 Bb7 5.Bg2 g6 6.b3 Bg7 7.Bb2 O-O 8.O-O d6 
9.d3 Nbd7 10.Qc2 Rc8 11.Rad1 a6 12.Qd2 Qc7 13.Rfe1 Bc6 14.d4 cxd4 15.Nxd4 
Bxg2 16.Kxg2 Nc5 17.f3 Rfd8 18.e4 Qb7 19.Qe2 e6 20.Nc2 Ne8 21.Ne3 b5 22.
Rd2 bxc4 23.Nxc4 Qb4 24.Nd1 d5 25.Bxg7 Nxg7 26.exd5 exd5 27.Nce3 d4 28.Nc2
Qb6 29.Rxd4 Nce6 30.Rxd8+ Rxd8 31.Nf2 Nh5 32.Qe3 Qa5 33.a4 Rd2 34.Na3 Qb4 
35.Nc4 Ra2 36.Rd1 Nhg7 37.Rd2 Nf5 38.Qd3 Rxd2 39.Nxd2 Nc5 40.Qd8+ Kg7 41.
Nfe4 Nxe4 42.Nxe4 Qxb3 43.Qf6+ Kg8 44.Qxa6 Nd4 45.Nf6+ Kh8 46.Qc8+ Kg7 47.
Ne8+ Kg8 48.Nd6+ Kg7 49.Ne8+ 1/2-1/2

[Event "EU-chT Seniors 07th"]
[Site "Dresden"]
[Date "2005.02.25"]
[Round "8"]
[White "Boehnisch, Manfred"]
[Black "Gruzmann, Boris"]
[Result "1/2-1/2"]
[WhiteElo "2364"]
[BlackElo "2271"]
[EventDate "2005.02.18"]
[PlyCount "110"]

1.e4 c5 2.b3 e6 3.Bb2 a6 4.Nf3 Nc6 5.c4 d6 6.d4 cxd4 7.Nxd4 Qb6 8.Nf3 Nf6 
9.Nc3 Be7 10.Bd3 O-O 11.O-O Rd8 12.Re1 Bd7 13.h3 Rac8 14.Qd2 Be8 15.Rad1 
Ne5 16.Nh2 Nxd3 17.Qxd3 Qc5 18.Nf3 b5 19.cxb5 axb5 20.Rc1 Qb6 21.Nd4 b4 
22.Nb1 Rxc1 23.Rxc1 Qb7 24.Nd2 Ra8 25.Ra1 d5 26.exd5 Qxd5 27.Qc4 g6 28.
Qxd5 Nxd5 29.Nc4 Nf4 30.Nc2 f6 31.a4 bxa3 32.Bxa3 Bxa3 33.Rxa3 Rxa3 34.
N2xa3 Bc6 35.f3 Kf7 36.h4 Ke7 37.Kf2 e5 38.g3 Ne6 39.Ke3 Nd4 40.f4 Nf5+ 
41.Kf2 exf4 42.gxf4 Nxh4 43.b4 Nf5 44.b5 Bd5 45.b6 Kd7 46.Na5 Nd6 47.Nc2 
Nb7 48.Ne3 Nxa5 49.Nxd5 Ke6 50.Ne3 Nb7 51.Kg3 Nd6 52.Kg4 h6 53.f5+ gxf5+ 
54.Nxf5 h5+ 55.Kf4 Nb7 1/2-1/2

[Event "EU-chT Seniors 07th"]
[Site "Dresden"]
[Date "2005.02.25"]
[Round "8"]
[White "Bold, Konrad"]
[Black "Barnstedt, Dietrich"]
[Result "1/2-1/2"]
[WhiteElo "2161"]
[BlackElo "2147"]
[EventDate "2005.02.18"]
[PlyCount "35"]

1.e4 d5 2.exd5 Qxd5 3.Nc3 Qa5 4.g3 Nf6 5.Bg2 c6 6.Nge2 Bg4 7.h3 Bh5 8.g4 
Bg6 9.d3 e6 10.Nf4 Nbd7 11.h4 h5 12.Nxg6 fxg6 13.g5 Nd5 14.Bd2 Bb4 15.Ne4 
Bxd2+ 16.Qxd2 Qxd2+ 17.Nxd2 O-O 18.Be4 1/2-1/2

[Event "EU-chT Seniors 07th"]
[Site "Dresden"]
[Date "2005.02.25"]
[Round "8"]
[White "Bukacek, Emil"]
[Black "Krylov, Stanislav"]
[Result "1/2-1/2"]
[WhiteElo "2240"]
[BlackElo "2234"]
[EventDate "2005.02.18"]
[PlyCount "21"]

1.e4 d6 2.d4 Nf6 3.Nc3 c6 4.f4 Qa5 5.Bd3 Bg4 6.Nf3 Nbd7 7.O-O e5 8.dxe5 
dxe5 9.h3 Be6 10.f5 Bc4 11.Kh2 1/2-1/2

[Event "EU-chT Seniors 07th"]
[Site "Dresden"]
[Date "2005.02.25"]
[Round "8"]
[White "Crombleholme, Alan"]
[Black "Alter, Helmut"]
[Result "1/2-1/2"]
[WhiteElo "2098"]
[BlackElo "1692"]
[EventDate "2005.02.18"]
[PlyCount "74"]

1.d4 d5 2.c4 e6 3.Nc3 f5 4.Bf4 c6 5.e3 Nf6 6.Nf3 Bd6 7.Bxd6 Qxd6 8.c5 Qe7 
9.Bd3 O-O 10.O-O Nbd7 11.b4 a6 12.Qb3 Ne4 13.Rfd1 Kh8 14.Ne2 e5 15.dxe5 
Nxe5 16.Nxe5 Qxe5 17.Rab1 Bd7 18.Qb2 Qf6 19.Qxf6 Nxf6 20.Nd4 g6 21.h3 Kg7 
22.a4 Rf7 23.Rb2 Re7 24.Rc1 Kf7 25.Kf1 Be8 26.Be2 Ne4 27.h4 Bd7 28.Bd1 h6 
29.Bb3 Nf6 30.Rc3 Ng4 31.Re2 Rae8 32.b5 axb5 33.axb5 Ra8 34.Ra2 Ree8 35.
Nc2 Rxa2 36.Bxa2 Ra8 37.Bb3 Nf6 1/2-1/2

[Event "EU-chT Seniors 07th"]
[Site "Dresden"]
[Date "2005.02.25"]
[Round "8"]
[White "Dorsch, Baptist"]
[Black "Jaeger, Erich"]
[Result "1/2-1/2"]
[WhiteElo "1691"]
[BlackElo "2106"]
[EventDate "2005.02.18"]
[PlyCount "28"]

1.d4 Nf6 2.Nf3 g6 3.Bf4 d6 4.e3 Bg7 5.Nbd2 O-O 6.h3 Nbd7 7.Bd3 c5 8.c3 a6 
9.O-O b5 10.a3 Bb7 11.Re1 Re8 12.Bg3 Nf8 13.Qc2 Nh5 14.Bh2 f5 1/2-1/2

[Event "EU-chT Seniors 07th"]
[Site "Dresden"]
[Date "2005.02.25"]
[Round "8"]
[White "Duemmke, Juergen"]
[Black "Wade, Robert Graham"]
[Result "1/2-1/2"]
[WhiteElo "2136"]
[BlackElo "2164"]
[EventDate "2005.02.18"]
[PlyCount "30"]

1.e4 c6 2.Nc3 d5 3.Nf3 g6 4.d3 Bg7 5.Qe2 Bg4 6.h3 Bxf3 7.Qxf3 e6 8.g3 Nd7 
9.Bg2 Ngf6 10.O-O O-O 11.Qe2 dxe4 12.dxe4 e5 13.b3 Re8 14.Rd1 Qa5 15.Bb2 
Nc5 1/2-1/2

[Event "EU-chT Seniors 07th"]
[Site "Dresden"]
[Date "2005.02.25"]
[Round "8"]
[White "Edwards, Raymond"]
[Black "Gergs, Wolfgang"]
[Result "0-1"]
[WhiteElo "2104"]
[BlackElo "2190"]
[EventDate "2005.02.18"]
[PlyCount "87"]

1.d4 Nf6 2.c4 e6 3.Nc3 c5 4.d5 d6 5.e4 Be7 6.Bd3 a6 7.a4 O-O 8.h3 Qc7 9.
Nf3 Nbd7 10.O-O Re8 11.Bf4 Ne5 12.Nxe5 dxe5 13.Be3 h6 14.Qc2 Bd6 15.Rfd1 
Bd7 16.Be2 exd5 17.cxd5 c4 18.a5 Bc5 19.Bxc5 Qxc5 20.Ra3 Rec8 21.Nb1 Ne8 
22.Qc3 Nd6 23.Qxe5 Re8 24.Qd4 Qxd4 25.Rxd4 Nb5 26.Rxc4 Nxa3 27.Nxa3 Bb5 
28.Nxb5 axb5 29.Rb4 Rxa5 30.Bxb5 Rd8 31.Bc4 b5 32.Bd3 Kf8 33.b3 Rb8 34.f4 
Ke7 35.e5 Kd7 36.Kf2 Kc7 37.Ke3 Kb6 38.f5 Kc5 39.Rd4 Ra3 40.b4+ Kb6 41.d6 
Ra7 42.Kf4 Rf8 43.e6 fxe6 44.f6 0-1

[Event "EU-chT Seniors 07th"]
[Site "Dresden"]
[Date "2005.02.25"]
[Round "8"]
[White "Eis, Helko"]
[Black "Kelchner, Hans"]
[Result "1-0"]
[WhiteElo "2121"]
[BlackElo "2149"]
[EventDate "2005.02.18"]
[PlyCount "134"]

1.d4 Nf6 2.Nf3 e6 3.c4 b6 4.a3 Bb7 5.Nc3 d5 6.Bg5 Be7 7.Bxf6 Bxf6 8.cxd5 
exd5 9.e3 O-O 10.Bd3 Re8 11.b4 c5 12.bxc5 bxc5 13.O-O g6 14.Qb3 Qb6 15.
Rfb1 Qxb3 16.Rxb3 Bc6 17.Bb5 Rd8 18.Rc1 c4 19.Bxc6 Nxc6 20.Rb7 Be7 21.Nxd5
Bxa3 22.Rxc4 a6 23.Rb6 Rxd5 24.Rbxc6 a5 25.Rc8+ Rd8 26.Rxd8+ Rxd8 27.Ne5 
Ra8 28.g4 Bd6 29.Nd7 Kg7 30.h3 Ra6 31.Ra4 Bb4 32.Ne5 f5 33.Kf1 Kf6 34.Nd3 
Rb6 35.gxf5 gxf5 36.Ke2 Rb5 37.f3 Kg5 38.e4 Kh4 39.Ke3 Kxh3 40.Ra2 Kg3 41.
e5 Bf8 42.Ra1 h5 43.Rg1+ Kh4 44.Kf4 Bh6+ 45.Kxf5 Be3 46.Rh1+ Kg3 47.Ke4 
Bd2 48.f4 h4 49.Rg1+ Kh2 50.Rd1 Bc3 51.Rc1 Bb4 52.Rb1 Kg2 53.f5 h3 54.Nf4+
Kg3 55.Nxh3 a4 56.Nf2 Kg2 57.Nd3 Kh3 58.Rg1 Bf8 59.d5 a3 60.d6 Ra5 61.Ra1 
Kh4 62.Rg1 Kh5 63.Nc1 Rb5 64.Rg2 Kh6 65.Ra2 Kg5 66.Rxa3 Rb4+ 67.Ke3 Kxf5 
1-0

[Event "EU-chT Seniors 07th"]
[Site "Dresden"]
[Date "2005.02.25"]
[Round "8"]
[White "Eyer, Karl"]
[Black "Wiemer, Juergen"]
[Result "1-0"]
[WhiteElo "1889"]
[BlackElo "2140"]
[EventDate "2005.02.18"]
[PlyCount "69"]

1.e4 e6 2.Qe2 c5 3.g3 b6 4.Bg2 Bb7 5.Nf3 Be7 6.O-O d6 7.Nc3 h5 8.h4 Qd7 9.
Rd1 Ba6 10.Qe3 Nh6 11.d4 Ng4 12.Qe1 c4 13.a4 O-O 14.b4 cxb3 15.cxb3 Bb7 
16.Ba3 Na6 17.Rac1 Nc7 18.Bf1 a6 19.Rc2 Rac8 20.Rdc1 f5 21.Ng5 fxe4 22.
Ncxe4 Nd5 23.Rxc8 Bxc8 24.Bh3 Ndf6 25.f3 Nxe4 26.Qxe4 Bxg5 27.hxg5 Bb7 28.
Qe1 Bxf3 29.Qb4 Rc8 30.Rxc8+ Qxc8 31.Qxd6 Bd5 32.Qe7 Bxb3 33.g6 Bc2 34.
Qf7+ Kh8 35.Bf8 1-0

[Event "EU-chT Seniors 07th"]
[Site "Dresden"]
[Date "2005.02.25"]
[Round "8"]
[White "Farrand, Julian"]
[Black "Rudnik, Heinz"]
[Result "1/2-1/2"]
[WhiteElo "2216"]
[BlackElo "2212"]
[EventDate "2005.02.18"]
[PlyCount "41"]

1.d4 g6 2.e4 d6 3.Nc3 Nf6 4.Bg5 Bg7 5.f4 c6 6.Qd2 b5 7.e5 b4 8.exf6 bxc3 
9.Qe3 cxb2 10.Rb1 Qa5+ 11.c3 Bf8 12.Rxb2 e6 13.Bc4 d5 14.Bb3 Ba6 15.Nf3 h6
16.Bh4 Ba3 17.Rb1 Nd7 18.Ne5 Nxe5 19.fxe5 Kd7 20.Bf2 Rhc8 21.Qd2 1/2-1/2

[Event "EU-chT Seniors 07th"]
[Site "Dresden"]
[Date "2005.02.25"]
[Round "8"]
[White "Flockhart, Hugh"]
[Black "Hesse, Manfred"]
[Result "1/2-1/2"]
[WhiteElo "1934"]
[BlackElo "1892"]
[EventDate "2005.02.18"]
[PlyCount "26"]

1.e4 c5 2.Nf3 Nf6 3.e5 Nd5 4.Nc3 Nxc3 5.dxc3 e6 6.Bf4 Nc6 7.Bc4 a6 8.O-O 
b5 9.Be2 Bb7 10.Re1 Be7 11.Qd2 Qc7 12.Bf1 Rd8 13.Qe3 d5 1/2-1/2

[Event "EU-chT Seniors 07th"]
[Site "Dresden"]
[Date "2005.02.25"]
[Round "8"]
[White "Gaprindashvili, Nona"]
[Black "Kortschnoj, Viktor"]
[Result "0-1"]
[WhiteElo "2309"]
[BlackElo "2617"]
[EventDate "2005.02.18"]
[PlyCount "102"]

1.d4 Nf6 2.c4 e6 3.Nc3 Bb4 4.g3 O-O 5.Bg2 d5 6.cxd5 exd5 7.Nf3 c6 8.O-O 
Re8 9.Bf4 Nbd7 10.a3 Be7 11.b4 a6 12.Qb3 Nf8 13.Ne5 Ng6 14.Be3 Ng4 15.Nxg4
Bxg4 16.f3 Be6 17.Bf2 Nf8 18.Qc2 a5 19.b5 cxb5 20.Nxb5 Rc8 21.Qd3 Nd7 22.
Rfc1 Nb6 23.e4 dxe4 24.fxe4 Bc4 25.Qb1 Bg5 26.Rd1 Na4 27.h4 Bh6 28.e5 Bxb5
29.Qxb5 Nc3 30.Qxb7 Nxd1 31.Rxd1 Rxe5 32.Qxc8 Qxc8 33.dxe5 g6 34.Bb6 Bd2 
35.Kh2 Qc2 36.Rf1 Bc3 37.Rf2 Qb3 38.Bc7 Qxa3 39.Bd6 Qb3 40.Bh3 Bxe5 41.
Bxe5 Qe3 42.Rf4 Qxe5 43.Bf1 Kg7 44.Bc4 f5 45.Kg2 Qb2+ 46.Rf2 Qb7+ 47.Kh2 
Qb6 48.Rg2 Qe3 49.Ba2 a4 50.Bb1 f4 51.gxf4 Qe1 0-1

[Event "EU-chT Seniors 07th"]
[Site "Dresden"]
[Date "2005.02.25"]
[Round "8"]
[White "Guenther, Egbert"]
[Black "Wilson, Peter JB"]
[Result "1-0"]
[WhiteElo "1839"]
[BlackElo "2123"]
[EventDate "2005.02.18"]
[PlyCount "41"]

1.e4 c5 2.Nf3 Nc6 3.d4 cxd4 4.Nxd4 Nf6 5.Nc3 e6 6.Nxc6 bxc6 7.e5 Nd5 8.Ne4
f5 9.exf6 Nxf6 10.Bd3 Nxe4 11.Bxe4 Qa5+ 12.Bd2 Qe5 13.Qe2 Ba6 14.Bg6+ hxg6
15.Qxe5 Rh5 16.Qg3 Kf7 17.O-O-O Rb5 18.Bf4 Rb7 19.Bd6 Bc4 20.Qf4+ Kg8 21.
Qxc4 1-0

[Event "EU-chT Seniors 07th"]
[Site "Dresden"]
[Date "2005.02.25"]
[Round "8"]
[White "Hagen, Horst"]
[Black "Betz, Egon"]
[Result "1/2-1/2"]
[WhiteElo "1926"]
[BlackElo "2031"]
[EventDate "2005.02.18"]
[PlyCount "44"]

1.d4 f5 2.Bg5 g6 3.Nd2 Bg7 4.e4 fxe4 5.Nxe4 d5 6.Nc5 b6 7.Nb3 Nh6 8.Nf3 
O-O 9.Be2 c5 10.c3 c4 11.Nbd2 Nc6 12.O-O Bf5 13.Re1 Qc7 14.Bh4 Rae8 15.Bg3
Qd7 16.Bf1 Nf7 17.Ne5 Nfxe5 18.dxe5 b5 19.h3 g5 20.Nf3 h6 21.Nd4 Nxd4 22.
Qxd4 e6 1/2-1/2

[Event "EU-chT Seniors 07th"]
[Site "Dresden"]
[Date "2005.02.25"]
[Round "8"]
[White "Hamm, Georg"]
[Black "Colombo, Paolo"]
[Result "1-0"]
[WhiteElo "2166"]
[BlackElo "2161"]
[EventDate "2005.02.18"]
[PlyCount "45"]

1.e4 d6 2.d4 Nf6 3.Nc3 c6 4.Be2 Nbd7 5.Nf3 e5 6.O-O Be7 7.h3 Qc7 8.Be3 Nf8
9.Qd2 Ng6 10.Rfe1 O-O 11.Rad1 h6 12.Nh2 Nh7 13.Bh5 Nh8 14.Rf1 Nf6 15.Be2 
Ng6 16.Ng4 Nxe4 17.Nxe4 f5 18.dxe5 dxe5 19.Bc4+ Kh7 20.Bxh6 fxg4 21.Ng5+ 
Bxg5 22.Bxg5 gxh3 23.Qe2 1-0

[Event "EU-chT Seniors 07th"]
[Site "Dresden"]
[Date "2005.02.25"]
[Round "8"]
[White "Harzer, Paul"]
[Black "Reuben, Stewart"]
[Result "1/2-1/2"]
[WhiteElo "2123"]
[BlackElo "2147"]
[EventDate "2005.02.18"]
[PlyCount "30"]

1.d4 d5 2.e3 g6 3.Bd3 Bg7 4.f4 Nh6 5.Nf3 Bf5 6.O-O e6 7.Be2 Bg4 8.Qe1 Nd7 
9.Nbd2 Nf5 10.Bd3 Nd6 11.c3 O-O 12.e4 dxe4 13.Nxe4 Bf5 14.Ne5 Nxe5 15.fxe5
Nxe4 1/2-1/2

[Event "EU-chT Seniors 07th"]
[Site "Dresden"]
[Date "2005.02.25"]
[Round "8"]
[White "Haug, Kjell Martin"]
[Black "Eskandary, Jahja"]
[Result "0-1"]
[WhiteElo "1985"]
[BlackElo "2146"]
[EventDate "2005.02.18"]
[PlyCount "44"]

1.c4 e5 2.Nc3 Nc6 3.b3 Bc5 4.Nf3 d6 5.e4 f5 6.d3 a6 7.exf5 Bxf5 8.Ne4 Bb6 
9.Be2 Nd4 10.O-O Bxe4 11.dxe4 Nf6 12.Bg5 Ne6 13.Bxf6 Qxf6 14.Rb1 O-O 15.
Rb2 Kh8 16.Qd2 Qg6 17.Ne1 Ng5 18.Qd3 Rf4 19.Qg3 Raf8 20.Bf3 R8f6 21.Re2 h5
22.h4 Nxf3+ 0-1

[Event "EU-chT Seniors 07th"]
[Site "Dresden"]
[Date "2005.02.25"]
[Round "8"]
[White "Hecht, Hans Joachim"]
[Black "James, Geoffrey H"]
[Result "1-0"]
[WhiteElo "2381"]
[BlackElo "2208"]
[EventDate "2005.02.18"]
[PlyCount "46"]

1.d4 Nf6 2.c4 e6 3.Nf3 Bb4+ 4.Nbd2 b6 5.e3 Bb7 6.Bd3 O-O 7.a3 Bxd2+ 8.Qxd2
d5 9.b3 a5 10.Bb2 Nbd7 11.O-O Ne4 12.Qe2 f5 13.Nd2 Qh4 14.f3 Nxd2 15.Qxd2 
Nf6 16.Rac1 Ba6 17.a4 Rac8 18.Ba3 Rfe8 19.c5 Bxd3 20.Qxd3 Qh5 21.cxb6 cxb6
22.Bd6 Qf7 23.Qa6 Qd7 1-0

[Event "EU-chT Seniors 07th"]
[Site "Dresden"]
[Date "2005.02.25"]
[Round "8"]
[White "Hohler, Peter"]
[Black "Chaikovskaia, Alla"]
[Result "1/2-1/2"]
[WhiteElo "2248"]
[BlackElo "2031"]
[EventDate "2005.02.18"]
[PlyCount "57"]

1.c4 e5 2.Nc3 d6 3.d4 exd4 4.Qxd4 Nc6 5.Qd2 Nf6 6.g3 Be6 7.Nd5 Ne5 8.b3 c6
9.Nxf6+ Qxf6 10.Bb2 Qg6 11.Bg2 Be7 12.Nf3 Nxf3+ 13.Bxf3 O-O 14.O-O Rfd8 
15.e4 f5 16.exf5 Bxf5 17.Rfe1 Bf6 18.Bxf6 Qxf6 19.Rad1 Rd7 20.Re3 Rad8 21.
Qe2 Qf7 22.Bg4 Bxg4 23.Qxg4 h5 24.Qg5 d5 25.cxd5 Rxd5 26.Rxd5 Rxd5 27.Qe7 
Rd1+ 28.Kg2 Rd7 29.Qxf7+ 1/2-1/2

[Event "EU-chT Seniors 07th"]
[Site "Dresden"]
[Date "2005.02.25"]
[Round "8"]
[White "Johannessen, Svein"]
[Black "Hermann, Armin"]
[Result "1/2-1/2"]
[WhiteElo "2291"]
[BlackElo "2151"]
[EventDate "2005.02.18"]
[PlyCount "23"]

1.d4 d5 2.Bf4 e6 3.e3 Nf6 4.Bd3 Bd6 5.Bg3 O-O 6.Nd2 b6 7.Ngf3 Bb7 8.Ne5 
Nbd7 9.O-O Ne4 10.Nxd7 Qxd7 11.Nxe4 dxe4 12.Be2 1/2-1/2

[Event "EU-chT Seniors 07th"]
[Site "Dresden"]
[Date "2005.02.25"]
[Round "8"]
[White "Just, Joachim"]
[Black "Beltrami, Nerio"]
[Result "1-0"]
[WhiteElo "2159"]
[BlackElo "2089"]
[EventDate "2005.02.18"]
[PlyCount "147"]

1.Nf3 Nf6 2.d4 g6 3.Bg5 Bg7 4.e3 d6 5.Nbd2 O-O 6.h3 c5 7.c3 Nbd7 8.Be2 b6 
9.a4 a6 10.O-O Bb7 11.Rc1 Ne4 12.Nxe4 Bxe4 13.Bd3 Bb7 14.Qe2 Nf6 15.e4 c4 
16.Bc2 Qc7 17.Rfe1 h6 18.Bf4 Nh5 19.Bh2 e5 20.g4 Nf4 21.Bxf4 exf4 22.Nd2 
b5 23.b3 Rac8 24.bxc4 bxc4 25.Rb1 a5 26.Nf3 Rfe8 27.Qd2 g5 28.Qc1 Ba8 29.
Rb5 Bc6 30.Rb1 Rb8 31.Nd2 Bd7 32.Qa3 h5 33.f3 Bf6 34.Qa2 Rbc8 35.Kg2 hxg4 
36.hxg4 Kg7 37.Rh1 Be6 38.Rh5 Rh8 39.Rbh1 Rxh5 40.Rxh5 Qd7 41.Kh3 d5 42.
exd5 Qxd5 43.Be4 Qd7 44.Rh7+ Kg8 45.Bb1 Rb8 46.Qc2 Kf8 47.Ne4 Bd8 48.Rh8+ 
Ke7 49.Nxg5 Qb7 50.Ba2 Qb2 51.Qxb2 Rxb2 52.Nxe6 fxe6 53.Bxc4 Rf2 54.Bb5 
Rxf3+ 55.Kh4 Bb6 56.Rh7+ Kd8 57.Rd7+ Kc8 58.g5 Rg3 59.Kh5 Bd8 60.Rg7 f3 
61.Ba6+ Kb8 62.Rb7+ Ka8 63.Rg7 f2 64.Rg8 Ka7 65.Rxd8 Kxa6 66.Rf8 Rg2 67.
Kh6 Kb7 68.g6 Rh2+ 69.Kg7 Kc7 70.Rf3 Kd6 71.c4 Ke7 72.c5 Rg2 73.Rf7+ Ke8 
74.c6 1-0

[Event "EU-chT Seniors 07th"]
[Site "Dresden"]
[Date "2005.02.25"]
[Round "8"]
[White "Kahn, Manfred"]
[Black "Titz, Herbert"]
[Result "1-0"]
[WhiteElo "2162"]
[BlackElo "2089"]
[EventDate "2005.02.18"]
[PlyCount "25"]

1.d4 Nf6 2.c4 c5 3.d5 b5 4.Nd2 Qa5 5.e4 bxc4 6.Bxc4 Nxe4 7.b4 Qxb4 8.Rb1 
Nc3 9.Rxb4 Nxd1 10.Rb3 Nxf2 11.Kxf2 e6 12.Ngf3 Ba6 13.Rxb8+ 1-0

[Event "EU-chT Seniors 07th"]
[Site "Dresden"]
[Date "2005.02.25"]
[Round "8"]
[White "Kalmutzki, Manfred"]
[Black "Schroeder, Christian"]
[Result "1/2-1/2"]
[WhiteElo "1729"]
[BlackElo "2079"]
[EventDate "2005.02.18"]
[PlyCount "20"]

1.d4 d5 2.e3 Nf6 3.f4 Bg4 4.Nf3 e6 5.Bd3 Be7 6.O-O O-O 7.Qe1 Nbd7 8.Nbd2 
c5 9.c3 Rc8 10.Ne5 Bh5 1/2-1/2